000 00486nam a2200181Ia 4500
005 20250923144517.0
008 008 250917s9999 xx 000 0 eng d
037 _aReports
040 _aDSWL
_beng
_cDSWL
041 _aeng
_2eng
084 _qDSWL
100 _aSastri, K.A.N.
_9825609
245 0 _aHistory of south India
_cby K.A.N. Sastri
260 _aNew York
_b Oxford Univ Press
_c1955
300 _aviii,486p.
942 _cREP
999 _c1439822
_d1439822